书目信息 |
| 题名: |
康有为传
|
|
| 作者: | 黄晶 著 | |
| 分册: | ||
| 出版信息: | 北京 北京联合出版公司 2013 |
|
| 页数: | 232页 | |
| 开本: | 24cm | |
| 丛书名: | 中国名人大传 | |
| 单 册: | ||
| 中图分类: | B258.5 | |
| 科图分类: | ||
| 主题词: | ||
| 电子资源: | ||
| ISBN: | 978-7-5502-2155-0 | |
| 000 | 00775nam0 2200253 450 | |
| 001 | 338324 | |
| 005 | 20150601162211.20 | |
| 010 | @a978-7-5502-2155-0@dCNY29.80 | |
| 100 | @a20140226d2013 em y0chiy50 ea | |
| 101 | 0 | @achi |
| 102 | @aCN@b110000 | |
| 105 | @ay z 000yb | |
| 106 | @ar | |
| 200 | 1 | @a康有为传@Akang you wei zhuan@f黄晶著 |
| 210 | @a北京@c北京联合出版公司@d2013 | |
| 215 | @a232页@d24cm | |
| 225 | 1 | @a中国名人大传 |
| 330 | @a本书讲述康有为少年时代的博学、他保皇思想的形成、戊戌变法失败后流亡海外的辛酸, 及其归国后的政治沉浮, 展现了康有为完整的一生。 | |
| 410 | 0 | @12001 @a中国名人大传 |
| 600 | 0 | @a康有为@f(1858-1927)@x传记 |
| 690 | @aB258.5@v5 | |
| 701 | 0 | @a黄晶@Ahuang jing@4著 |
| 801 | 0 | @aCN@b卓展宏图@c20150525 |
| 905 | @dB258.5@e60@f4 | |
| 康有为传/黄晶著.-北京:北京联合出版公司,2013 |
| 232页;24cm.-(中国名人大传) |
| ISBN 978-7-5502-2155-0:CNY29.80 |
| 本书讲述康有为少年时代的博学、他保皇思想的形成、戊戌变法失败后流亡海外的辛酸, 及其归国后的政治沉浮, 展现了康有为完整的一生。 |
| ● |
| 相关链接 |
|
|
|
|
正题名:康有为传
索取号:B258.5/60
 
预约/预借
| 序号 | 登录号 | 条形码 | 馆藏地/架位号 | 状态 | 备注 |
| 1 | 861727 | 208617273 | 第一样本阅览室/ [索取号:B258.5/60] | 在馆 | |
| 2 | 861728 | 208617282 | 第一借阅区/ [索取号:B258.5/60] | 在馆 | |
| 3 | 861729 | 208617291 | 第一借阅区/ [索取号:B258.5/60] | 在馆 | |
| 4 | 861730 | 208617308 | 教育系资料室/ [索取号:B258.5/60] | 在馆 |